Visión de Hostos sobre Duarte : (Registro nro. 14085)

Detalles MARC
000 -LEADER
fixed length control field 01478nam a2200325 a 4500
001 - CONTROL NUMBER
control field
003 - CONTROL NUMBER IDENTIFIER
control field DO-SdBNP
005 - DATE AND TIME OF LATEST TRANSACTION
control field 20220316095334.0
008 - FIXED-LENGTH DATA ELEMENTS--GENERAL INFORMATION
fixed length control field 130604s2013 dr ac 000 0 spa d
020 ## - INTERNATIONAL STANDARD BOOK NUMBER
International Standard Book Number 9789945074833
040 ## - CATALOGING SOURCE
Original cataloging agency DO-SdBNP
Language of cataloging spa
Transcribing agency BPMSU
082 ## - DEWEY DECIMAL CLASSIFICATION NUMBER
Classification number 923.27293
Item number D812H 2013
Edition number 22
245 00 - TITLE STATEMENT
Title Visión de Hostos sobre Duarte :
Remainder of title a propósito del bicentenario del natalicio de Juan Pablo Duarte (1813-2013) /
Statement of responsibility, etc. compilado y editado por Miguel Collado.
260 ## - PUBLICATION, DISTRIBUTION, ETC. (IMPRINT)
Place of publication, distribution, etc. Santo Domingo :
Name of publisher, distributor, etc. Archivo General de la Nación,
Date of publication, distribution, etc. 2013.
300 ## - PHYSICAL DESCRIPTION
Extent 101 p. :
Other physical details il., retrs. ;
Dimensions 22 cm.
490 0# - SERIES STATEMENT
Series statement Publicaciones del Archivo General de la Nación,
Volume/sequential designation 178
500 ## - GENERAL NOTE
General note Incluye datos biográficos del editor en la solapa de la contracubierta
500 ## - GENERAL NOTE
General note Incluye referencias bibliográficas y notas al pie de las páginas
504 ## - BIBLIOGRAPHY, ETC. NOTE
Bibliography, etc Bibliografía : p. 79-88
505 0# - FORMATTED CONTENTS NOTE
Formatted contents note Prefacio --
Title Duarte --
-- El Municipio de Santo Domingo --
-- Duarte y Sánchez como ejemplos de patriotismo infortunado --
-- Sánchez-Mella --
-- La asamblea del 27 --
-- Apéndices.
590 ## - LOCAL NOTE (RLIN)
Local note Inventariado, 2022/VM
600 10 - SUBJECT ADDED ENTRY--PERSONAL NAME
Personal name Duarte, Juan Pablo,
Dates associated with a name 1813-1876
600 14 - SUBJECT ADDED ENTRY--PERSONAL NAME
Personal name Hostoos Eugenio, María de
Dates associated with a name 1839-1903
9 (RLIN) 5
651 #4 - SUBJECT ADDED ENTRY--GEOGRAPHIC NAME
Geographic name República Dominicana
General subdivision Historia
Chronological subdivision 1844-1930
651 #4 - SUBJECT ADDED ENTRY--GEOGRAPHIC NAME
Geographic name República Dominicana
Form subdivision Biografías
700 1# - ADDED ENTRY--PERSONAL NAME
Personal name Collado, Miguel A.,
Dates associated with a name 1954-
Relator term compilador
710 2# - ADDED ENTRY--CORPORATE NAME
Corporate name or jurisdiction name as entry element Archivo General de la Nación (República Dominicana)
910 ## - USER-OPTION DATA (OCLC)
User-option data VMateo V.
942 ## - ADDED ENTRY ELEMENTS (KOHA)
Source of classification or shelving scheme Dewey Decimal Classification
Koha item type Libros
Existencias
Withdrawn status Lost status Source of classification or shelving scheme Damaged status Not for loan Collection code Home library Current library Date acquired Full call number Barcode Date last seen Price effective from Koha item type
    Dewey Decimal Classification     Colección Dominicana Biblioteca Pública Metropolitana Salomé Ureña Biblioteca Pública Metropolitana Salomé Ureña 03/16/2022 BPMSU CD 923.27293 D812H 2013 BPMSU22030047 03/16/2022 03/16/2022 Libros